000 00621nam a22001937a 4500
003 OSt
005 20260424003049.0
008 260424b |||||||| |||| 00| 0 eng d
020 _a9789714210112
040 _aDWCL Main Lib.
_cOC
082 _aFil. 499.211 M266d 2013
100 _aManrique, Isidro G.
_eAuthor
245 _aDaloy ng mithi 9 :
_bwika at panitikan /
_cIsidro G. Manrique
260 _aQuezon City :
_bTrinitas,
_cc2013.
300 _ax, 494 pages :
_billustrations ;
_c26 cm.
504 _aIncludes bibliographical references.
650 _a1. Filipino--Study and teaching.
942 _2ddc
_cBK - FIL
_n0
999 _c9814
_d9814